[Event "2ème Open International de Haute-Bretag"]
[Site "Rennes"]
[Date "2009.??.??"]
[Round "7.31"]
[White "Heyman, Jacques"]
[Black "Mercier, Franck"]
[Result "1-0"]
[WhiteElo "1855"]
[BlackElo "1623"]
[PlyCount "91"]
[EventDate "2009.08.21"]
[EventType "swiss"]
[EventRounds "9"]
[EventCountry "FRA"]

1. d4 Nf6 2. Nf3 g6 3. Bg5 Bg7 4. Nbd2 d5 5. c3 h6 6. Bh4 g5 7. Bg3 Bf5 8. h3
Bh7 9. e3 Nbd7 10. b4 O-O 11. Be2 a5 12. b5 a4 13. a3 Nb6 14. O-O Qd7 15. Ne5
Qc8 16. Rc1 Nfd7 17. Nef3 c6 18. c4 dxc4 19. Nxc4 Nxc4 20. Bxc4 c5 21. Bd3 Bxd3
22. Qxd3 b6 23. Rc4 Qb7 24. Qc2 Qa7 25. Rc1 Rfe8 26. Qf5 e6 27. Qc2 e5 28. dxc5
Nxc5 29. e4 f6 30. Nh2 Rad8 31. Rd1 Qb7 32. f3 Bf8 33. Bf2 Qf7 34. Rc3 Qe6 35.
Rxd8 Rxd8 36. Ng4 Kg7 37. Ne3 Qd7 38. Nd5 Qxb5 39. Kh2 Rd7 40. Be3 h5 41. h4
gxh4 42. Qf2 f5 43. Qxh4 f4 44. Bxc5 bxc5 45. Qg5+ Kh8 46. Nf6 1-0

[Event "2ème Open International de Haute-Bretag"]
[Site "Rennes"]
[Date "2009.??.??"]
[Round "7.32"]
[White "Djendeb, Mohand"]
[Black "Primault, Loic"]
[Result "1-0"]
[WhiteElo "1845"]
[BlackElo "1591"]
[PlyCount "87"]
[EventDate "2009.08.21"]
[EventType "swiss"]
[EventRounds "9"]
[EventCountry "FRA"]

1. e4 d5 2. exd5 Nf6 3. d4 Nxd5 4. Nf3 g6 5. c4 Nf6 6. Nc3 Bg7 7. Be2 O-O 8. h3
c6 9. O-O Nbd7 10. Bf4 Nb6 11. Rc1 Bf5 12. Re1 Ne4 13. Bd3 Nxc3 14. bxc3 Bxd3
15. Qxd3 e6 16. c5 Nd5 17. Bd6 Re8 18. Ne5 b6 19. Nxc6 Qg5 20. c4 Nf4 21. Qf3
Nh5 22. Rcd1 Bf8 23. Bxf8 Rxf8 24. d5 exd5 25. cxd5 bxc5 26. d6 Rac8 27. Ne7+
Kg7 28. Nxc8 Rxc8 29. Re7 Nf4 30. d7 Rd8 31. Re8 Ne6 32. Qc3+ Kh6 33. Qe3 Nf4
34. Qf3 Ne6 35. Rd5 Qc1+ 36. Rd1 Qg5 37. Qxf7 Nf4 38. Qf8+ Kh5 39. g4+ Kh4 40.
Rxd8 Nxh3+ 41. Kf1 Nf4 42. Re8 Qxg4 43. Qh6+ Nh5 44. d8=Q+ 1-0

[Event "2ème Open International de Haute-Bretag"]
[Site "Rennes"]
[Date "2009.??.??"]
[Round "7.38"]
[White "Bauer, Erich"]
[Black "Delpit, Wilfried"]
[Result "0-1"]
[WhiteElo "1499"]
[BlackElo "1664"]
[PlyCount "116"]
[EventDate "2009.08.21"]
[EventType "swiss"]
[EventRounds "9"]
[EventCountry "FRA"]

1. c4 c5 2. Nc3 Nf6 3. Nf3 Nc6 4. e3 d5 5. d4 cxd4 6. exd4 e6 7. c5 a5 8. Bf4
Be7 9. Nb5 O-O 10. a3 Bd7 11. Bd3 Na7 12. Nc3 b6 13. b4 axb4 14. axb4 bxc5 15.
bxc5 Nc6 16. O-O Rxa1 17. Qxa1 Qa8 18. Qb1 g6 19. Qb2 Qa5 20. Ra1 Qb4 21. Qxb4
Nxb4 22. Be2 Nh5 23. Bh6 Rd8 24. Ne5 Nc6 25. Nxd7 Rxd7 26. Bb5 Ra7 27. Rxa7
Nxa7 28. c6 Bd6 29. Ba4 Ng7 30. Bg5 Bc7 31. g3 Nf5 32. Bf4 Bxf4 33. gxf4 Kf8
34. Nb5 Nxc6 35. Kf1 Ncxd4 36. Nxd4 Nxd4 37. Kg2 Nf5 38. Kf3 Ke7 39. Kg4 f6 40.
h4 Kd6 41. h5 gxh5+ 42. Kxh5 h6 43. Kg6 Ke7 44. Bc2 Nd4 45. Bd3 e5 46. fxe5
fxe5 47. Kxh6 Kf6 48. Kh5 e4 49. Bb1 Kf5 50. Ba2 Ke5 51. Kg4 Ne2 52. Bxd5 Kxd5
53. Kf5 Kd4 54. Kg4 Nc1 55. Kf4 Kd3 56. Kg3 Ne2+ 57. Kg2 Nf4+ 58. Kf1 Kd2 0-1

[Event "2ème Open International de Haute-Bretag"]
[Site "Rennes"]
[Date "2009.??.??"]
[Round "7.33"]
[White "Sinnas, Albert"]
[Black "Roussel, Yannis"]
[Result "1-0"]
[WhiteElo "1836"]
[BlackElo "1586"]
[PlyCount "117"]
[EventDate "2009.08.21"]
[EventType "swiss"]
[EventRounds "9"]
[EventCountry "FRA"]

1. d4 d5 2. Nf3 Nf6 3. c4 e6 4. Nc3 Nbd7 5. Bg5 Be7 6. e3 O-O 7. Bd3 Re8 8. O-O
b6 9. e4 dxe4 10. Nxe4 Nxe4 11. Bxe4 Rb8 12. Bf4 Bd6 13. Be3 Nf8 14. Ne5 Bb7
15. Bxb7 Rxb7 16. Qf3 c6 17. Nxc6 Qc7 18. g3 Rc8 19. Ne5 Bxe5 20. dxe5 Rbb8 21.
b3 Qxe5 22. Bf4 Qf6 23. Qe3 Ra8 24. Be5 Qf5 25. Rfd1 Ng6 26. Bd6 Rd8 27. Rac1
Rd7 28. b4 Rad8 29. c5 Ne7 30. Qe2 bxc5 31. bxc5 Nc6 32. Qa6 Qf3 33. Rd3 Qe4
34. f3 Qe2 35. Ra3 Qxa6 36. Rxa6 Rc8 37. Rb1 h6 38. Ra4 g5 39. Kg2 Kh7 40. Ra3
Kg6 41. Rab3 Kh7 42. Rb7 Rxb7 43. Rxb7 Kg6 44. Kf2 f5 45. a4 Kf6 46. Ke2 e5 47.
Kd3 Kg6 48. Rc7 Rxc7 49. Bxc7 Kf6 50. Kc4 e4 51. fxe4 fxe4 52. Kd5 Nb4+ 53.
Kxe4 Ke6 54. Kd4 a6 55. Bd6 g4 56. Ke4 Nd5 57. a5 Nb4 58. Kf4 Nd5+ 59. Kxg4 1-0

[Event "2ème Open International de Haute-Bretag"]
[Site "Rennes"]
[Date "2009.??.??"]
[Round "7.42"]
[White "Pascot, Jean"]
[Black "Dujardin, Bernard"]
[Result "1/2-1/2"]
[WhiteElo "1914"]
[BlackElo "1745"]
[PlyCount "91"]
[EventDate "2009.08.21"]
[EventType "swiss"]
[EventRounds "9"]
[EventCountry "FRA"]

1. e4 d6 2. d4 Nf6 3. f3 e6 4. Bc4 c6 5. Ne2 Be7 6. Nbc3 b5 7. Bd3 b4 8. Na4
Qa5 9. c3 Ba6 10. cxb4 Qxb4+ 11. Bd2 Qb7 12. Bxa6 Nxa6 13. O-O O-O 14. Kh1 Rac8
15. a3 c5 16. Be3 Rfd8 17. Qd2 cxd4 18. Nxd4 d5 19. e5 Nd7 20. f4 Nac5 21. Nc3
Nb3 22. Nxb3 Qxb3 23. Bxa7 Nc5 24. Bxc5 Bxc5 25. Rf3 d4 26. Ne4 Qd5 27. Qd3 Be7
28. b4 Qc4 29. h3 Qxd3 30. Rxd3 f5 31. Nf2 g5 32. Rad1 Rc2 33. Kg1 Ra2 34. Rxd4
Rxd4 35. Rxd4 Rxa3 36. Nd3 Rb3 37. g3 gxf4 38. gxf4 Kf8 39. Kg2 h5 40. Nc5 Rb2+
41. Kg3 h4+ 42. Kf3 Bxc5 43. bxc5 Rb3+ 44. Kg2 Rb2+ 45. Kf3 Rb3+ 46. Kg2
1/2-1/2

[Event "2ème Open International de Haute-Bretag"]
[Site "Rennes"]
[Date "2009.??.??"]
[Round "7.36"]
[White "Doucin, Paul"]
[Black "Panaget, Bruno"]
[Result "0-1"]
[WhiteElo "1705"]
[BlackElo "1499"]
[PlyCount "100"]
[EventDate "2009.08.21"]
[EventType "swiss"]
[EventRounds "9"]
[EventCountry "FRA"]

1. e4 d6 2. d4 Nf6 3. Nc3 g6 4. f4 Bg7 5. Nf3 O-O 6. Be2 c6 7. O-O b5 8. e5
dxe5 9. fxe5 Nd5 10. Ne4 Na6 11. c3 Bf5 12. Ng3 Bg4 13. h3 Bxf3 14. Bxf3 Qb6
15. Kh1 Nac7 16. Bd2 Rad8 17. Qc1 c5 18. Ne2 Ne6 19. Bh6 cxd4 20. Bxg7 Kxg7 21.
Rd1 Ne3 22. Rd3 Nc4 23. cxd4 Nxe5 24. Rd1 Nxf3 25. gxf3 Nxd4 26. Nxd4 Rxd4 27.
Qc3 e5 28. Re1 f6 29. Rac1 Rf7 30. Red1 Rxd1+ 31. Rxd1 Rc7 32. Qd2 Qc6 33. Qd3
Kf7 34. Kg2 Qc2+ 35. Kg3 Qxd3 36. Rxd3 Rc2 37. Rd7+ Ke6 38. Rxh7 a5 39. Ra7 a4
40. b3 Rxa2 41. bxa4 Rxa4 42. Rb7 Rb4 43. Rb6+ Kf5 44. Rb7 g5 45. Rb6 Rb1 46.
h4 gxh4+ 47. Kxh4 b4 48. Kg3 b3 49. Kf2 b2 50. Ke2 Rh1 0-1

[Event "2ème Open International de Haute-Bretag"]
[Site "Rennes"]
[Date "2009.??.??"]
[Round "7.43"]
[White "Duquesnoy, Bruno"]
[Black "Lezot, Pierre"]
[Result "1-0"]
[WhiteElo "1900"]
[BlackElo "1744"]
[PlyCount "67"]
[EventDate "2009.08.21"]
[EventType "swiss"]
[EventRounds "9"]
[EventCountry "FRA"]

1. e4 e5 2. Nf3 Nc6 3. Bb5 Bc5 4. O-O d6 5. c3 Bd7 6. d4 Bb6 7. Re1 h6 8. Na3
Qe7 9. Be3 g5 10. d5 Bxe3 11. Rxe3 Nb8 12. c4 b6 13. b4 Nf6 14. Rc1 O-O 15. Qd2
Nh7 16. c5 bxc5 17. bxc5 a6 18. cxd6 cxd6 19. Bxd7 Nxd7 20. Rc7 Rfc8 21. Qc1
Rxc7 22. Qxc7 Kf8 23. Nc4 Nc5 24. Qxd6 Qxd6 25. Nxd6 Nf6 26. Nxe5 Rb8 27. f3
Rb1+ 28. Kf2 h5 29. Ndxf7 h4 30. Nd8 Rb2+ 31. Re2 Ncxe4+ 32. fxe4 Nxe4+ 33. Ke3
Rb4 34. Ndc6 1-0

[Event "2ème Open International de Haute-Bretag"]
[Site "Rennes"]
[Date "2009.??.??"]
[Round "5.21"]
[White "Belouassa, Aurelien"]
[Black "Melloul, Claude"]
[Result "0-1"]
[WhiteElo "1550"]
[BlackElo "2019"]
[PlyCount "48"]
[EventDate "2009.08.21"]
[EventType "swiss"]
[EventRounds "9"]
[EventCountry "FRA"]

1. e4 c5 2. Nf3 a6 3. d4 cxd4 4. Nxd4 Nf6 5. Nc3 e5 6. Nf3 Bb4 7. Bd2 O-O 8.
Bd3 d5 9. exd5 Bxc3 10. Bxc3 e4 11. Bxf6 Qxf6 12. Bxe4 Re8 13. Qd3 Bf5 14. Nd2
Bxe4 15. Nxe4 Qe5 16. f3 f5 17. Kf2 fxe4 18. fxe4 Qxe4 19. Qxe4 Rxe4 20. Rad1
Nd7 21. Kf3 Rae8 22. Rd2 g5 23. Rc1 Rf4+ 24. Kg3 Re3# 0-1

[Event "XIXè Open de Gorges"]
[Site "Gorges"]
[Date "2009.07.05"]
[Round "1"]
[White "Le Pen, Steven"]
[Black "Boure, Hugo"]
[Result "1/2-1/2"]
[WhiteElo "1715"]
[BlackElo "1817"]
[PlyCount "176"]
[EventDate "2009.07.??"]
[EventType "swiss"]
[EventRounds "7"]
[EventCountry "FRA"]

1. e4 c5 2. Nf3 Nc6 3. d4 cxd4 4. Nxd4 Nf6 5. Nc3 e5 6. Ndb5 d6 7. Bg5 a6 8.
Na3 b5 9. Bxf6 gxf6 10. Nd5 Bg7 11. c3 f5 12. Bd3 Ne7 13. Nxe7 Qxe7 14. Nc2 f4
15. Qe2 Be6 16. Nb4 O-O 17. O-O-O Qc7 18. Kb1 Rfb8 19. Rd2 a5 20. Nd5 Bxd5 21.
exd5 b4 22. cxb4 Rxb4 23. Rc1 Qb7 24. Rc4 Rxc4 25. Bxc4 f5 26. Qd3 Qb4 27. Qc3
Qc5 28. Bb3 Qa7 29. Ba4 Rb8 30. Qc6 Qe7 31. Qd7 Qxd7 32. Bxd7 e4 33. Bxf5 e3
34. fxe3 fxe3 35. Re2 Bxb2 36. Rxe3 Be5+ 37. Rb3 Rf8 38. Rf3 Rb8+ 39. Rb3 Rf8
40. Rf3 Kg7 41. h3 a4 42. Rf2 Rb8+ 43. Kc1 Rb4 44. Be6 Rc4+ 45. Kd2 Rc3 46. Rf3
Rc4 47. Rf7+ Kg6 48. Ra7 Rb4 49. Rc7 Rb1 50. Rc4 a3 51. Rc2 Ra1 52. Kd3 Bb2 53.
Kc4 Rxa2 54. Kb3 Ra1 55. Rf2 Re1 56. Ka2 Ra1+ 57. Kb3 Rd1 58. Bf7+ Kg7 59. Be6
Kg6 60. Bf5+ Kh6 61. Be6 Kg5 62. Bg8 h6 63. Be6 Kh4 64. Re2 Kg3 65. Bf7 Rd3+
66. Ka2 Be5 67. Be6 h5 68. Bf7 h4 69. Be6 Bd4 70. Bg4 Bc5 71. Bf3 Rxf3 72. gxf3
Kxh3 73. Re8 Kg3 74. Rh8 h3 75. f4 h2 76. f5 Kg2 77. f6 Bd4 78. Rg8+ Kh3 79. f7
h1=Q 80. f8=Q Qa1+ 81. Kb3 Qc3+ 82. Ka4 Qc4+ 83. Ka5 Bc3+ 84. Kb6 Qc5+ 85. Kb7
Qxd5+ 86. Kc7 Ba5+ 87. Kd7 Qb5+ 88. Ke6 Qe5+ 1/2-1/2

[Event "XIXè Open de Gorges"]
[Site "Gorges"]
[Date "2009.07.05"]
[Round "1"]
[White "Chaillou, Stephane"]
[Black "Gallant, Jeremy"]
[Result "1-0"]
[WhiteElo "1660"]
[BlackElo "1784"]
[PlyCount "67"]
[EventDate "2009.07.??"]
[EventType "swiss"]
[EventRounds "7"]
[EventCountry "FRA"]

1. d4 d5 2. c4 e6 3. Nc3 Nf6 4. Nf3 b6 5. e3 Be7 6. Be2 O-O 7. O-O Bb7 8. Qc2
Nbd7 9. cxd5 exd5 10. Bd3 c5 11. dxc5 bxc5 12. Ng5 h6 13. Nh7 Re8 14. Nxf6+
Nxf6 15. b3 Rc8 16. Bf5 Rb8 17. Rd1 Bd6 18. Nb5 Be5 19. Bb2 a6 20. Nc3 Qc7 21.
h3 g6 22. Bd3 d4 23. exd4 Bxd4 24. Na4 Qc6 25. Bf1 Bxb2 26. Nxb2 Nd5 27. Nc4
Nf4 28. Rd6 Qc7 29. Qd2 g5 30. Rxh6 Rbd8 31. Rd6 Rb8 32. g3 Ne6 33. Rd1 Nd4 34.
Qxg5+ 1-0

[Event "XIXè Open de Gorges"]
[Site "Gorges"]
[Date "2009.07.06"]
[Round "2"]
[White "Delaunay, Sebastien"]
[Black "Chabradze, Boris"]
[Result "1-0"]
[WhiteElo "2342"]
[BlackElo "2211"]
[PlyCount "101"]
[EventDate "2009.07.??"]
[EventType "swiss"]
[EventRounds "7"]
[EventCountry "FRA"]

1. d4 Nf6 2. c4 d6 3. Nc3 Bf5 4. Nf3 g6 5. Nh4 Bd7 6. e4 e5 7. Nf3 Bg7 8. Be2
O-O 9. O-O Re8 10. d5 b6 11. Rb1 a5 12. b3 Na6 13. a3 Nc5 14. Nd2 Qe7 15. Qc2
Bh6 16. b4 axb4 17. axb4 Na4 18. Nb5 Bxb5 19. cxb5 Ra7 20. Ra1 Rea8 21. Ra3 Kg7
22. Nb1 Bxc1 23. Rxc1 Qd7 24. Nd2 Nc3 25. Rxc3 Ra2 26. Qd1 Rxd2 27. Qxd2 Nxe4
28. Qe3 Nxc3 29. Qxc3 Ra2 30. Bc4 Ra4 31. Bf1 Ra7 32. Ra1 Rxa1 33. Qxa1 f5 34.
Qa8 Kf6 35. Qf8+ Qf7 36. Qd8+ Qe7 37. Qc8 e4 38. Qh8+ Qg7 39. Qa8 Qe7 40. Qc6
h5 41. Qc3+ Kf7 42. Bc4 Qf6 43. Qc1 f4 44. Bf1 g5 45. Qxc7+ Qe7 46. Qxb6 e3 47.
Be2 g4 48. Qd4 f3 49. gxf3 gxf3 50. Qf4+ Ke8 51. Qxf3 1-0

[Event "XIXè Open de Gorges"]
[Site "Gorges"]
[Date "2009.07.06"]
[Round "2"]
[White "Le Ruyet, Leopold"]
[Black "Casini, Alexandre"]
[Result "1-0"]
[WhiteElo "2058"]
[BlackElo "1942"]
[PlyCount "57"]
[EventDate "2009.07.??"]
[EventType "swiss"]
[EventRounds "7"]
[EventCountry "FRA"]

1. e4 d5 2. exd5 Qxd5 3. Nc3 Qd8 4. d4 Nf6 5. Nf3 c6 6. Bc4 e6 7. Bg5 Be7 8.
Qe2 O-O 9. O-O-O b5 10. Bd3 Na6 11. Bxf6 Bxf6 12. h4 Nb4 13. Bxh7+ Kxh7 14.
Ng5+ Kg8 15. Qh5 Re8 16. Qxf7+ Kh8 17. Nce4 Qd7 18. Qh5+ Kg8 19. Nxf6+ gxf6 20.
Qg6+ Kf8 21. Qxf6+ Kg8 22. Qg6+ Kf8 23. Rh3 Ke7 24. Qg7+ Kd8 25. Nf7+ Kc7 26.
Qe5+ Kb6 27. Nd6 Nd5 28. c4 Rd8 29. c5+ 1-0

[Event "XIXè Open de Gorges"]
[Site "Gorges"]
[Date "2009.07.06"]
[Round "2"]
[White "Letertre, Arnaud"]
[Black "Chaillou, Stephane"]
[Result "1/2-1/2"]
[WhiteElo "1920"]
[BlackElo "1660"]
[PlyCount "99"]
[EventDate "2009.07.??"]
[EventType "swiss"]
[EventRounds "7"]
[EventCountry "FRA"]

1. d4 c6 2. c4 d5 3. Nf3 Nf6 4. Nc3 Bf5 5. e3 Nbd7 6. Qb3 Qb6 7. Qxb6 Nxb6 8.
cxd5 Nbxd5 9. a3 e6 10. Bc4 Nxc3 11. bxc3 Ne4 12. Bb2 Be7 13. O-O Bg4 14. Ne5
Nd2 15. Rfc1 Nxc4 16. Nxc4 Bf5 17. Na5 O-O 18. a4 Rac8 19. Ba3 Bxa3 20. Rxa3 b6
21. Nc4 Rfd8 22. f3 c5 23. Raa1 cxd4 24. cxd4 h6 25. Ne5 Rxc1+ 26. Rxc1 f6 27.
Nc6 Rd7 28. e4 Bg6 29. Rc4 Rc7 30. d5 exd5 31. exd5 Be8 32. Kf2 Bxc6 33. Rxc6
Rd7 34. Rc8+ Kf7 35. Ke3 Rxd5 36. Rc7+ Kg6 37. Rxa7 Rg5 38. Kf2 Rc5 39. g4 Rc3
40. a5 bxa5 41. Rxa5 Rc2+ 42. Kg3 Re2 43. h4 Re7 44. Kf4 Kf7 45. Kf5 g6+ 46.
Kf4 g5+ 47. hxg5 hxg5+ 48. Kf5 Kg7 49. f4 gxf4 50. Kxf4 1/2-1/2

[Event "XIXè Open de Gorges"]
[Site "Gorges"]
[Date "2009.07.07"]
[Round "3"]
[White "Le Pen, Steven"]
[Black "Gayon, Benoit"]
[Result "1/2-1/2"]
[WhiteElo "1715"]
[BlackElo "1980"]
[PlyCount "76"]
[EventDate "2009.07.??"]
[EventType "swiss"]
[EventRounds "7"]
[EventCountry "FRA"]

1. e4 e5 2. Nf3 Nc6 3. Bb5 f5 4. Nc3 fxe4 5. Nxe4 Nf6 6. Nxf6+ Qxf6 7. Qe2 d6
8. d4 Bd7 9. O-O Be7 10. dxe5 Nxe5 11. Bxd7+ Kxd7 12. Nxe5+ Qxe5 13. Qxe5 dxe5
14. Bd2 Bd6 15. Bc3 Rae8 16. a3 Rhf8 17. Rad1 Kc8 18. Rd5 Rf7 19. Re1 e4 20.
Bd4 b6 21. Be3 Rd7 22. Red1 Red8 23. R5d2 Be5 24. c3 Rxd2 25. Rxd2 Rxd2 26.
Bxd2 Kd7 27. Kf1 Kc6 28. a4 b5 29. axb5+ Kxb5 30. b3 c5 31. c4+ Kc6 32. g3 Bd4
33. Ke2 Kd6 34. f3 Ke5 35. Bf4+ Kf5 36. Bb8 exf3+ 37. Kxf3 a6 38. g4+ Ke6
1/2-1/2

[Event "XIXè Open de Gorges"]
[Site "Gorges"]
[Date "2009.07.07"]
[Round "3"]
[White "Koch, Markus"]
[Black "Gallant, Jeremy"]
[Result "1-0"]
[WhiteElo "2138"]
[BlackElo "1784"]
[PlyCount "117"]
[EventDate "2009.07.??"]
[EventType "swiss"]
[EventRounds "7"]
[EventCountry "FRA"]

1. c4 e5 2. g3 d5 3. Bg2 Nf6 4. cxd5 Nxd5 5. Nc3 Nb6 6. Nf3 Nc6 7. d3 Be7 8.
O-O Be6 9. a3 a5 10. b3 h5 11. h4 f6 12. d4 Nxd4 13. Nxd4 exd4 14. Nb5 c6 15.
Nxd4 Bd5 16. e4 Bf7 17. Be3 Qc7 18. Qc2 O-O 19. Nf5 Rfe8 20. Rfd1 Bf8 21. Bf4
Qc8 22. Bd6 Qe6 23. Bxf8 Rxf8 24. Qc5 Nd7 25. Qe7 Rad8 26. Rd6 Qxe7 27. Nxe7+
Kh7 28. Rad1 Bxb3 29. R1d2 c5 30. Rxd7 Rxd7 31. Rxd7 b5 32. Bh3 c4 33. Nd5 Kh6
34. Rb7 Ba4 35. Bd7 Rf7 36. Bc6 Rxb7 37. Bxb7 Bc2 38. Ne3 Bd3 39. Bd5 c3 40.
Bb3 Bxe4 41. Kf1 g5 42. Ke2 gxh4 43. gxh4 f5 44. Bc2 b4 45. axb4 axb4 46. Bb3
f4 47. Nc2 Kg6 48. f3 Bc6 49. Nxb4 Bb5+ 50. Kf2 Kf5 51. Nd5 Bc4 52. Bc2+ Ke5
53. Nxc3 Bf7 54. Be4 Kd4 55. Ne2+ Ke5 56. Ke1 Be8 57. Kd2 Bf7 58. Kc3 Be8 59.
Nc1 1-0

[Event "XIXè Open de Gorges"]
[Site "Gorges"]
[Date "2009.07.08"]
[Round "4"]
[White "Le Ruyet, Leopold"]
[Black "Crouan, Stephane"]
[Result "1/2-1/2"]
[WhiteElo "2058"]
[BlackElo "2234"]
[PlyCount "51"]
[EventDate "2009.07.??"]
[EventType "swiss"]
[EventRounds "7"]
[EventCountry "FRA"]

1. e4 e5 2. Nf3 Nc6 3. Bb5 Nf6 4. O-O Nxe4 5. d4 a6 6. Ba4 b5 7. Bb3 d5 8. dxe5
Be6 9. Nbd2 Nc5 10. c3 Be7 11. Bc2 Qd7 12. b4 Nb7 13. a4 O-O 14. Nb3 Rfd8 15.
axb5 axb5 16. Rxa8 Rxa8 17. Qd3 g6 18. Qxb5 Nbd8 19. Nbd4 Nxd4 20. Nxd4 Qxb5
21. Nxb5 c5 22. bxc5 Bxc5 23. Nd4 Bxd4 24. cxd4 Nc6 25. Bb2 Ra2 26. Rb1 1/2-1/2

[Event "XIXè Open de Gorges"]
[Site "Gorges"]
[Date "2009.07.08"]
[Round "4"]
[White "Lebreton, Flavien"]
[Black "Chabradze, Boris"]
[Result "1/2-1/2"]
[WhiteElo "2012"]
[BlackElo "2211"]
[PlyCount "51"]
[EventDate "2009.07.??"]
[EventType "swiss"]
[EventRounds "7"]
[EventCountry "FRA"]

1. d4 Nf6 2. c4 e6 3. Nf3 b6 4. g3 Ba6 5. b3 d5 6. Bg2 dxc4 7. Ne5 Bb4+ 8. Bd2
Qxd4 9. Bxb4 Qxa1 10. Bc3 Qxa2 11. Bxa8 Qxb3 12. Qc1 O-O 13. Nd2 Qa4 14. Qb2
Qb5 15. Qa1 Nd5 16. O-O Nxc3 17. Qxc3 Nd7 18. Nxd7 Qxd7 19. Bf3 Rd8 20. Nxc4
Qd4 21. Qxd4 Rxd4 22. Ne5 Rd2 23. Ra1 Bxe2 24. Rxa7 Rd1+ 25. Kg2 Bf1+ 26. Kg1
1/2-1/2

[Event "XIXè Open de Gorges"]
[Site "Gorges"]
[Date "2009.07.08"]
[Round "5"]
[White "Crouan, Stephane"]
[Black "Lebreton, Flavien"]
[Result "1-0"]
[WhiteElo "2234"]
[BlackElo "2012"]
[PlyCount "51"]
[EventDate "2009.07.??"]
[EventType "swiss"]
[EventRounds "7"]
[EventCountry "FRA"]

1. e4 c5 2. Nf3 d6 3. d4 cxd4 4. Nxd4 Nf6 5. Nc3 g6 6. Be3 Bg7 7. f3 Nc6 8. Qd2
O-O 9. Bc4 Bd7 10. O-O-O Na5 11. Bb3 Rb8 12. h4 b5 13. h5 Nc4 14. Bxc4 bxc4 15.
hxg6 fxg6 16. Nde2 Qc7 17. Bh6 Qb7 18. b3 Be6 19. Bxg7 Kxg7 20. Nf4 Bg8 21.
Nfd5 Nxd5 22. exd5 cxb3 23. axb3 Qb4 24. Kb2 a5 25. Qh6+ Kf7 26. Rh4 1-0

[Event "XIXè Open de Gorges"]
[Site "Gorges"]
[Date "2009.07.08"]
[Round "5"]
[White "Chabradze, Boris"]
[Black "Le Ruyet, Leopold"]
[Result "1/2-1/2"]
[WhiteElo "2211"]
[BlackElo "2058"]
[PlyCount "46"]
[EventDate "2009.07.??"]
[EventType "swiss"]
[EventRounds "7"]
[EventCountry "FRA"]

1. e4 c5 2. Nf3 d6 3. d4 cxd4 4. Nxd4 Nf6 5. Nc3 a6 6. Bg5 e6 7. f4 Nbd7 8. Qf3
Qc7 9. O-O-O b5 10. e5 Bb7 11. Nxe6 fxe6 12. Qh3 dxe5 13. Qxe6+ Be7 14. Bxb5
axb5 15. Nxb5 Qc6 16. Nd6+ Kd8 17. fxe5 Kc7 18. Qxe7 Rxa2 19. exf6 Ra1+ 20. Kd2
Qd5+ 21. Kc3 Qa5+ 22. Kd3 Qd5+ 23. Kc3 Qa5+ 1/2-1/2

[Event "XIXè Open de Gorges"]
[Site "Gorges"]
[Date "2009.07.08"]
[Round "5"]
[White "Secher, Daniel"]
[Black "Bethys, Fred"]
[Result "0-1"]
[WhiteElo "1830"]
[BlackElo "1741"]
[PlyCount "64"]
[EventDate "2009.07.??"]
[EventType "swiss"]
[EventRounds "7"]
[EventCountry "FRA"]

1. e4 c5 2. Nf3 Nc6 3. d4 cxd4 4. Nxd4 Nf6 5. Nc3 e5 6. Nb3 Bb4 7. Bd3 d5 8.
O-O Bxc3 9. bxc3 Bg4 10. Be2 Bxe2 11. Qxe2 Nxe4 12. Bb2 O-O 13. c4 dxc4 14.
Qxc4 Nf6 15. Rfe1 Re8 16. Re3 Qb6 17. Rae1 Rad8 18. Qe2 Nd5 19. Rh3 Nf4 20. Qf3
Nxh3+ 21. Qxh3 a5 22. Bc1 Nd4 23. Be3 Qb4 24. Bd2 Qc4 25. Qg4 Qxc2 26. Bxa5 Rc8
27. Qd7 Nxb3 28. axb3 Qc6 29. Qg4 b6 30. Bd2 Rcd8 31. Rc1 Qd7 32. Be3 Qxg4 0-1

[Event "XIXè Open de Gorges"]
[Site "Gorges"]
[Date "2009.07.09"]
[Round "6"]
[White "Chaillou, Stephane"]
[Black "Goguely, Pierre"]
[Result "1/2-1/2"]
[WhiteElo "1660"]
[BlackElo "1844"]
[PlyCount "42"]
[EventDate "2009.07.??"]
[EventType "swiss"]
[EventRounds "7"]
[EventCountry "FRA"]

1. d4 d5 2. c4 e6 3. Nc3 Nf6 4. Nf3 c6 5. e3 Be7 6. Bd3 O-O 7. O-O Nbd7 8. Qe2
b6 9. Bd2 Bb7 10. cxd5 cxd5 11. Rfc1 Ne8 12. a3 Nd6 13. Na2 Rc8 14. Nb4 Nc4 15.
Be1 a5 16. Na2 Bd6 17. Nc3 Bb8 18. Nb5 f5 19. b3 Nd6 20. Nxd6 Bxd6 21. b4 Nf6
1/2-1/2

[Event "XIXè Open de Gorges"]
[Site "Gorges"]
[Date "2009.07.09"]
[Round "6"]
[White "Gayon, Benoit"]
[Black "Boure, Hugo"]
[Result "1/2-1/2"]
[WhiteElo "1980"]
[BlackElo "1817"]
[PlyCount "93"]
[EventDate "2009.07.??"]
[EventType "swiss"]
[EventRounds "7"]
[EventCountry "FRA"]

1. e4 c5 2. Nf3 Nc6 3. d4 cxd4 4. Nxd4 Nf6 5. Nc3 d6 6. Be2 Nxd4 7. Qxd4 g6 8.
Be3 Bg7 9. O-O O-O 10. Qd2 Re8 11. Rad1 Bd7 12. Bf3 Ng4 13. Bd4 Ne5 14. Be2 Be6
15. f4 Nc4 16. Bxc4 Bxc4 17. Rf3 Qc8 18. Bxg7 Kxg7 19. Rh3 f6 20. f5 g5 21. Rg3
Qc5+ 22. Kh1 Qe5 23. b3 Bf7 24. Re1 e6 25. fxe6 Bxe6 26. Rd3 Rad8 27. Nd5 Bxd5
28. Rxd5 Qe6 29. e5 h6 30. Rd1 fxe5 31. Rxd6 Rxd6 32. Qxd6 Qxd6 33. Rxd6 Re7
34. Kg1 Rc7 35. c4 b5 36. Re6 bxc4 37. bxc4 Rxc4 38. Rxe5 Rc1+ 39. Kf2 Rc2+ 40.
Re2 Rxe2+ 41. Kxe2 Kf6 42. Ke3 Kf5 43. Kf3 g4+ 44. Ke3 h5 45. g3 Ke5 46. Kd3
Kd5 47. Ke3 1/2-1/2

[Event "XIXè Open de Gorges"]
[Site "Gorges"]
[Date "2009.07.10"]
[Round "7"]
[White "Grenier, David"]
[Black "Buda, Valentin"]
[Result "1/2-1/2"]
[WhiteElo "1708"]
[BlackElo "1500"]
[PlyCount "51"]
[EventDate "2009.07.??"]
[EventType "swiss"]
[EventRounds "7"]
[EventCountry "FRA"]

1. e4 d6 2. d4 Nf6 3. Nc3 g6 4. Bg5 Bg7 5. Qd2 O-O 6. O-O-O c6 7. Nf3 b5 8. Bh6
Bxh6 9. Qxh6 Ng4 10. Qh4 e5 11. Qg3 Qb6 12. h3 b4 13. Na4 Qa5 14. b3 Nf6 15.
dxe5 Nxe4 16. Qh2 Nxf2 17. Bd3 dxe5 18. Nxe5 Nxh1 19. Rxh1 Re8 20. Nc4 Qg5+ 21.
Kb1 Nd7 22. h4 Qh5 23. g4 Qxg4 24. Rg1 Qh5 25. Nd6 Re5 26. Qf4 1/2-1/2

[Event "XIXè Open de Gorges"]
[Site "Gorges"]
[Date "2009.07.10"]
[Round "7"]
[White "Templier, Benoit"]
[Black "Mercier, Jean Loup"]
[Result "0-1"]
[WhiteElo "1733"]
[BlackElo "1875"]
[PlyCount "72"]
[EventDate "2009.07.??"]
[EventType "swiss"]
[EventRounds "7"]
[EventCountry "FRA"]

1. c4 e5 2. Nc3 Nc6 3. Nf3 d6 4. d4 Nf6 5. dxe5 Nxe5 6. Nxe5 dxe5 7. Qxd8+ Kxd8
8. Bg5 c6 9. O-O-O+ Kc7 10. f3 Be6 11. e4 Bb4 12. Kc2 Nd7 13. a3 Bxc3 14. Kxc3
f6 15. Be3 Rhd8 16. b4 a5 17. Be2 axb4+ 18. Kxb4 b6 19. Ra1 c5+ 20. Kc3 Nb8 21.
Rhb1 Nc6 22. a4 Ra5 23. Rb5 Ra6 24. Rab1 Nd4 25. Bxd4 exd4+ 26. Kd2 Rd6 27. Ra1
Bd7 28. Rb2 Rxa4 29. Rxa4 Bxa4 30. Ra2 Bc6 31. Ra7+ Bb7 32. e5 fxe5 33. f4 e4
34. g4 Kb8 35. Ra1 Rh6 36. Rb1 Kc7 0-1

[Event "Open de Rouen 2009"]
[Site "Rouen"]
[Date "2009.12.19"]
[Round "1.1"]
[White "Fedorchuk, Sergey A"]
[Black "Reinert, Stephane"]
[Result "1-0"]
[WhiteElo "2619"]
[BlackElo "2096"]
[PlyCount "83"]
[EventDate "2009.12.??"]
[EventType "swiss"]
[EventRounds "7"]
[EventCountry "FRA"]

1. e4 d5 2. exd5 Qxd5 3. Nc3 Qd6 4. d4 Nf6 5. Nf3 a6 6. Ne5 Nc6 7. Nxc6 Qxc6 8.
d5 Qd6 9. Be3 b5 10. Qd4 e5 11. dxe6 Bxe6 12. O-O-O Qxd4 13. Bxd4 Be7 14. Be2
O-O 15. Bf3 Rad8 16. Bb7 b4 17. Na4 Bg4 18. f3 Bc8 19. Bxc8 Rxc8 20. Bc5 Rfe8
21. Rhe1 Bxc5 22. Nxc5 Rxe1 23. Rxe1 a5 24. Re5 Re8 25. Rxe8+ Nxe8 26. Nb7 a4
27. Nc5 a3 28. Na6 axb2+ 29. Kxb2 f5 30. Kb3 Kf7 31. Kxb4 Ke6 32. Kc5 Ke5 33.
a4 g5 34. a5 Nd6 35. Nxc7 Nb7+ 36. Kb6 Nxa5 37. Kxa5 h5 38. c4 g4 39. c5 gxf3
40. gxf3 Kf4 41. c6 Kxf3 42. Ne6 1-0